000 00835nam a2200241 a 4500
001 BRCA_8057
005 20190320210119.0
008 310314s1967----enka###f##---#001-0#eng-#
041 _aeng
044 _aenk
050 4 _aNK1125
_b.I58 1967
245 1 0 _aThe International Antiques Yearbook 1966-1967
_ba collectors´ directory to the antiques market of the British Isles, Europe and the USA
_cedited by Philip Wilson.
260 _aLondres
_bDavid & Charles
_c1967
300 _a115, 1110 p.
_bil. (algunas a color)
_c19 cm.
500 _aVer también Y97 e Y164
500 _aY58
650 1 4 _aAntigüedades
_vDiccionarios y enciclopedias
_919803
650 1 4 _aObras de arte
_vColecciones y coleccionistas
_919804
650 1 4 _aArte
_vCatálogos
_94925
700 1 _aWilson, Philip
_eed.
_920021
902 _aGFM
942 _2lcc
_cB
999 _c7725
_d7725